000 00888nam a22002417a 4500
001 48395
003 BD-RjUL
005 20211209054521.0
008 160813s1964 bg ||||| |||| 00| 0 ben d
020 _c: TK 6.00
035 _a(BD-RjUL) 48514
040 _aBD-RjUL
_bben
_cBD-RjUL
041 _aben
082 _223
_a879
_bEPS 1964
100 _aএপুলিয়াস, লুসিয়াস
_9146434
245 1 0 _aস্বর্ণগর্দভ /
_c লুসিয়াস এপুলিয়াস
260 _aঢাকা :
_bবাংলা একডেমী,
_c১৯৬৪
300 _a২৭৭ পৃ. ;
_c২১ সেমি.
650 _aইটালিক সাহিত্য
_9146435
650 _aItalian Literature
_9146436
700 _aহাজারী, আবদুল গনি, অনুবাদ
_9146437
942 _2ddc
_cBK
999 _c48395
_d48395